Statistics for Standard-issue Assault Rifles by country

Click here to take the quiz!

General Stats

  • This quiz has been taken 183 times
  • The average score is 7 of 15

Answer Stats

CountryAnswer% Correct
USAM4
96%
RussiaAK-74M
82%
FranceFAMAS-G1
75%
GermanyG36C
71%
UKSA-80A2 / L85A2
63%
IsraelTAR-21
55%
AustraliaAUG-A3
51%
CanadaC-7 / C-8
45%
South KoreaK-2
34%
ChinaQBZ-95
24%
ItalyARX-160
23%
JapanType-89F
22%
IndiaINSAS
21%
South AfricaR4 / R5
19%
IndonesiaPindad SS1/SS2
14%

Score Distribution

Percentile by Number Answered

Percent of People with Each Score

Your Score History

You have not taken this quiz